000 00760pab a2200169 454500
008 180718b2002 xxu||||| |||| 00| 0 eng d
100 _aSingh, Manjit
245 _aSurgical instruments industry at Jalandhar: A case study
260 _c2002
300 _ap.3298-304.
362 _a3 Aug
520 _aThe surgical instruments industry concentrated in Punjab's Jalandhar district remains rooted in obsolete production processes and dominated by the unorganised labour sector. However, the industry needs sustained interventions, spearheaded by the state and industry associations to withstand the threat it now faces from liberalisation.
650 _aSurgery
650 _aMedical equipment
773 _aEconomic and Political Weekly
909 _a53244
999 _c53244
_d53244